Statistics for Countries Contained in EQUATORIAL GUINEA

Click here to take the quiz!

General Stats

  • This quiz has been taken 263 times
  • The average score is 6 of 12

Answer Stats

country% Correct
Guinea
98%
Qatar
81%
Iran
62%
Iraq
62%
Algeria
47%
Niger
47%
Tonga
46%
Nigeria
45%
Angola
35%
Nauru
34%
Equatorial
Guinea
33%
Niue
22%

Score Distribution

Percentile by Number Answered

Percent of People with Each Score

Your Score History

You have not taken this quiz